00413pab a2200157 454500008004000000100001700040245008600057260000900143300001300152362000800165650001000173650001000183650002800193700001800221773001600239180718b2017 xxu||||| |||| 00| 0 eng d aShivay, Y.S. aSustainable agriculture: aligning cropping pattern with the availability of water c2017 ap.45-50. aNov aWater aCrops aSustainable agriculture aSingh, Teekam aKurukshetra